000
00334nam a22001457a 4500
008
230626b ||||| |||| 00| 0 eng d
020
_a
9780323009898
041
_a
eng
080
_2
SIXTH EDITION
_a
616.053
082
_a
616.053WON
100
_a
14.2
101
_a
PEDI
245
_a
PEDIATRIC NURSING
_c
WONG.L.D
942
_2
udc
_c
BK
999
_c
60038
_d
60038